<?xml version="1.0" encoding="UTF-8"?>
<record
    xmlns:xsi="http://www.w3.org/2001/XMLSchema-instance"
    xsi:schemaLocation="http://www.loc.gov/MARC21/slim http://www.loc.gov/standards/marcxml/schema/MARC21slim.xsd"
    xmlns="http://www.loc.gov/MARC21/slim">

  <leader>01191nam0a2200337 i 4500</leader>
  <controlfield tag="001">RU\NLR\BIBL_A\010808500</controlfield>
  <controlfield tag="005">20260406131924.0</controlfield>
  <datafield tag="010" ind1=" " ind2=" ">
    <subfield code="a">9785906686527</subfield>
    <subfield code="9">5000</subfield>
  </datafield>
  <datafield tag="021" ind1=" " ind2=" ">
    <subfield code="a">RU</subfield>
    <subfield code="b">2016-1912</subfield>
    <subfield code="9">117</subfield>
  </datafield>
  <datafield tag="021" ind1=" " ind2=" ">
    <subfield code="a">RU</subfield>
    <subfield code="b">2015-46694</subfield>
    <subfield code="9">2780</subfield>
  </datafield>
  <datafield tag="035" ind1=" " ind2=" ">
    <subfield code="a">(NILC)RuMoRGB-007961889</subfield>
  </datafield>
  <datafield tag="035" ind1=" " ind2=" ">
    <subfield code="a">(NLR Aleph) 010808500</subfield>
  </datafield>
  <datafield tag="090" ind1=" " ind2=" ">
    <subfield code="a">10193299</subfield>
    <subfield code="c">10193299</subfield>
  </datafield>
  <datafield tag="100" ind1=" " ind2=" ">
    <subfield code="a">20150727d2015    m  y0rusy50      ca</subfield>
  </datafield>
  <datafield tag="101" ind1="1" ind2=" ">
    <subfield code="a">rus</subfield>
    <subfield code="c">eng</subfield>
  </datafield>
  <datafield tag="102" ind1=" " ind2=" ">
    <subfield code="a">RU</subfield>
  </datafield>
  <datafield tag="105" ind1=" " ind2=" ">
    <subfield code="a">a   z   000yy</subfield>
  </datafield>
  <datafield tag="200" ind1="1" ind2=" ">
    <subfield code="a">&#x41E; &#x43B;&#x44E;&#x431;&#x432;&#x438;</subfield>
    <subfield code="e">[&#x43F;&#x435;&#x440;&#x435;&#x432;&#x43E;&#x434; &#x441; &#x430;&#x43D;&#x433;&#x43B;&#x438;&#x439;&#x441;&#x43A;&#x43E;&#x433;&#x43E;]</subfield>
    <subfield code="f">Osho</subfield>
    <subfield code="g">[&#x43F;&#x435;&#x440;.: &#x415;. &#x421;&#x442;&#x430;&#x440;&#x43E;&#x434;&#x443;&#x431;]</subfield>
  </datafield>
  <datafield tag="210" ind1=" " ind2=" ">
    <subfield code="a">&#x41C;&#x43E;&#x441;&#x43A;&#x432;&#x430;</subfield>
    <subfield code="c">&#x421;&#x43E;&#x444;&#x438;&#x44F;</subfield>
    <subfield code="d">2015</subfield>
  </datafield>
  <datafield tag="215" ind1=" " ind2=" ">
    <subfield code="a">281, [4] &#x441;.</subfield>
    <subfield code="c">&#x438;&#x43B;.</subfield>
    <subfield code="d">20</subfield>
  </datafield>
  <datafield tag="300" ind1=" " ind2=" ">
    <subfield code="a">&#x417;&#x430;&#x433;&#x43B;. &#x43E;&#x440;&#x438;&#x433;.: Being in love</subfield>
  </datafield>
  <datafield tag="454" ind1=" " ind2="0">
    <subfield code="1">2001#$aBeing in love</subfield>
    <subfield code="1">700#1$aOsho$f1931-1990$3RU\NLR\AUTH\771624</subfield>
    <subfield code="t">Being in love</subfield>
    <subfield code="a">Osho (1931-1990)</subfield>
  </datafield>
  <datafield tag="606" ind1=" " ind2=" ">
    <subfield code="a">&#x420;&#x435;&#x43B;&#x438;&#x433;&#x438;&#x43E;&#x437;&#x43D;&#x430;&#x44F; &#x444;&#x438;&#x43B;&#x43E;&#x441;&#x43E;&#x444;&#x438;&#x44F;</subfield>
    <subfield code="y">&#x418;&#x43D;&#x434;&#x438;&#x44F;</subfield>
    <subfield code="z">20 &#x432;.</subfield>
    <subfield code="9">2078120</subfield>
    <subfield code="3">RU\NLR\AUTH\661253944</subfield>
  </datafield>
  <datafield tag="686" ind1="1" ind2=" ">
    <subfield code="a">&#x42E;703.13</subfield>
  </datafield>
  <datafield tag="686" ind1="1" ind2=" ">
    <subfield code="a">&#x42E;3(5&#x418;&#x434;)6-678</subfield>
  </datafield>
  <datafield tag="700" ind1=" " ind2="0">
    <subfield code="8">rus</subfield>
    <subfield code="7">ca</subfield>
    <subfield code="a">&#x41E;&#x448;&#x43E;</subfield>
    <subfield code="f">1931-1990</subfield>
    <subfield code="3">RU\NLR\AUTH\771622</subfield>
    <subfield code="9">111642</subfield>
  </datafield>
  <datafield tag="801" ind1=" " ind2="0">
    <subfield code="a">RU</subfield>
    <subfield code="b">&#x420;&#x413;&#x411;</subfield>
    <subfield code="c">20150625</subfield>
    <subfield code="g">RCR</subfield>
  </datafield>
  <datafield tag="942" ind1=" " ind2=" ">
    <subfield code="c">BOOK</subfield>
  </datafield>
  <datafield tag="980" ind1=" " ind2=" ">
    <subfield code="a">NBR</subfield>
  </datafield>
</record>
